Biggest Cities in Nevada - Statistics

General Stats
  • This quiz has been taken 5,407 times
    3,384 since last reset
  • The average score is 8 of 19
Answer Stats
Population County City % Correct
646,790 Clark Las Vegas
100%
268,851 Washoe Reno
95%
58,993 ------ ---- Carson City
87%
322,178 Clark Henderson
82%
274,133 Clark North Las Vegas
81%
20,613 ---- Elko
62%
109,796 Washoe Sparks
54%
14,879 Clark Boulder City
35%
4,002 White Pine Ely
34%
8,603 Humboldt Winnemucca
32%
21,158 Clark Mesquite
26%
23,511 Lyon Fernley
22%
9,325 Churchill Fallon
21%
4,492 Elko West Wendover
18%
1,243 Elko Wells
13%
1,854 Pershing Lovelock
12%
2,053 Elko Carlin
11%
3,163 Lyon Yerington
11%
976 Lincoln Caliente
9%
No matching quizzes found
Score Distribution
Percent of People with Each Score
Percentile by Number Answered
Your Score History
You have not taken this quiz since the last reset